[Event "Hannibal Online op U10"]
[Site "Chess.com INT"]
[Date "2020.06.06"]
[Round "6"]
[White "Albu, Vlad"]
[Black "Lintes, Albert Ioan"]
[Result "0-1"]
[WhiteElo "1136"]
[BlackElo "1260"]
[PlyCount "92"]
[EventDate "2020.06.01"]
[EventType "swiss"]
[EventRounds "9"]
[EventCountry "MDA"]
[SourceTitle "CBM 196 Extra"]
[Source "ChessBase"]
[SourceDate "2020.07.31"]
[SourceVersion "1"]
[SourceVersionDate "2020.07.31"]
[SourceQuality "1"]

1. e4 c5 2. Nf3 d6 3. d4 cxd4 4. Nxd4 Nf6 5. Nc3 g6 6. Bg5 Bg7 7. Bc4 0-0 8. 0-0 Nc6 9. Nxc6 bxc6 10. Re1 Nd7 11. Qf3 Ne5 12. Qe2 Qb6 13. Bb3 Ba6 14. Qd2 Qc7 15. Rad1 Rfd8 16. Bf4 Rab8 17. Bxe5 Bxe5 18. h3 Rb4 19. a3 Rd4 20. Qe3 Rxd1 21. Rxd1 Qb6 22. Qf3 Bf6 23. Kh1 Kg7 24. Kg1 e6 25. Qg3 d5 26. exd5 cxd5 27. Na4 Qa5 28. Nc3 Bxc3 29. Qxc3+ Qxc3 30. bxc3 Rc8 31. c4 Bxc4 32. Bxc4 Rxc4 33. Rd2 Ra4 34. Rd3 Rc4 35. Rd2 Rc3 36. a4 a5 37. Kf1 Rc4 38. Ke2 Rxa4 39. Kd3 Rc4 40. Rd1 Rb4 41. Ra1 a4 42. f3 h5 43. c3 Rb2 44. Rxa4 Rxg2 45. c4 dxc4+ 46. Rxc4 Rg3 0-1

[Event "Hannibal Online op U10"]
[Site "Chess.com INT"]
[Date "2020.06.04"]
[Round "4"]
[White "Lintes, Albert Ioan"]
[Black "Podea, Andrei"]
[Result "1-0"]
[WhiteElo "1260"]
[BlackElo "1021"]
[PlyCount "57"]
[EventDate "2020.06.01"]
[EventType "swiss"]
[EventRounds "9"]
[EventCountry "MDA"]
[SourceTitle "CBM 196 Extra"]
[Source "ChessBase"]
[SourceDate "2020.07.31"]
[SourceVersion "1"]
[SourceVersionDate "2020.07.31"]
[SourceQuality "1"]

1. d4 d5 2. Bf4 e6 3. e3 c6 4. Nd2 Bd6 5. Bg3 Qe7 6. Ngf3 Nd7 7. Ne5 Bxe5 8. dxe5 Qg5 9. Nf3 Qg6 10. Bd3 f5 11. exf6 Qxf6 12. Bh4 Qxb2 13. 0-0 Qb4 14. Nd4 Qd6 15. Qh5+ Kf8 16. Qg4 Ne5 17. Qf4+ Nf7 18. Qg4 e5 19. Bf5 Ngh6 20. Qh3 Nxf5 21. Nxf5 Qg6 22. e4 dxe4 23. Qa3+ Nd6 24. Qxd6+ Qxd6 25. Nxd6 h6 26. Nxe4 Bf5 27. f3 g5 28. Bg3 Re8 29. Nd6 1-0

[Event "ROM-ch U10"]
[Site "Calimanesti Caciulata"]
[Date "2019.04.22"]
[Round "9"]
[White "Lintes, Albert Ioan"]
[Black "Petrica, Dan Andrei"]
[Result "0-1"]
[WhiteElo "1189"]
[BlackElo "1273"]
[PlyCount "70"]
[EventDate "2019.04.15"]
[EventType "swiss"]
[EventRounds "9"]
[EventCountry "ROU"]
[SourceTitle "CBM 190 Extra"]
[Source "ChessBase"]
[SourceDate "2019.07.15"]
[SourceVersion "1"]
[SourceVersionDate "2019.07.15"]
[SourceQuality "1"]

1. d4 Nf6 2. Bf4 c5 3. d5 d6 4. Nc3 Bf5 5. Nf3 g6 6. Nh4 Bg7 7. Nxf5 gxf5 8. h3 Qa5 9. Bd2 Nbd7 10. e3 Qb6 11. Rb1 e6 12. Bc4 e5 13. Qf3 Ne4 14. Nxe4 fxe4 15. Qxe4 Nf6 16. Qd3 e4 17. Qa3 Qd8 18. Bc3 0-0 19. 0-0 Kh8 20. b4 b6 21. bxc5 bxc5 22. Rb7 Qc8 23. Rfb1 Qf5 24. Rxa7 Rxa7 25. Qxa7 Nxd5 26. Bxg7+ Kxg7 27. a4 Rg8 28. a5 Kh8 29. Kf1 Nxe3+ 30. Ke2 Nxc4 31. a6 Qd5 32. Rd1 Qh5+ 33. Ke1 Rxg2 34. Qb8+ Kg7 35. Qb3 Rg1# 0-1

[Event "ROM-ch U10"]
[Site "Calimanesti Caciulata"]
[Date "2019.04.19"]
[Round "6"]
[White "Popescu, Stefan Adrian"]
[Black "Lintes, Albert Ioan"]
[Result "1/2-1/2"]
[WhiteElo "1378"]
[BlackElo "1189"]
[PlyCount "98"]
[EventDate "2019.04.15"]
[EventType "swiss"]
[EventRounds "9"]
[EventCountry "ROU"]
[SourceTitle "CBM 190 Extra"]
[Source "ChessBase"]
[SourceDate "2019.07.15"]
[SourceVersion "1"]
[SourceVersionDate "2019.07.15"]
[SourceQuality "1"]

1. e4 c5 2. Nf3 Nc6 3. d4 cxd4 4. Nxd4 g6 5. Nc3 Bg7 6. Be3 Nf6 7. Be2 0-0 8. Qd2 d5 9. Nxc6 bxc6 10. exd5 Nxd5 11. Nxd5 cxd5 12. 0-0-0 Qc7 13. h4 h5 14. f3 Rb8 15. c3 Rd8 16. Qc2 e5 17. g4 d4 18. cxd4 Qxc2+ 19. Kxc2 exd4 20. Bc1 Be6 21. Kb1 Rb7 22. gxh5 gxh5 23. Rhg1 Kf8 24. Bd3 Bd5 25. Rdf1 Rc7 26. f4 Bc4 27. Bxc4 Rxc4 28. f5 Bf6 29. Bh6+ Ke7 30. Re1+ Kd6 31. Bg5 Bxg5 32. hxg5 Rg8 33. g6 fxg6 34. Rxg6+ Rxg6 35. fxg6 Rc8 36. g7 Rg8 37. Rg1 h4 38. Kc2 h3 39. Kd3 h2 40. Rh1 Rxg7 41. Rxh2 Rg4 42. Rh7 a5 43. Rh5 Rg2 44. Rxa5 Rxb2 45. Kxd4 Rb4+ 46. Kc3 Rh4 47. a4 Kc6 48. Rg5 Rxa4 49. Rg6+ Kd7 1/2-1/2

[Event "ROM-ch U08"]
[Site "Calimanesti"]
[Date "2018.03.29"]
[Round "3"]
[White "Bortun, Radu Valentin"]
[Black "Lintes, Albert Ioan"]
[Result "1/2-1/2"]
[WhiteElo "1001"]
[BlackElo "1065"]
[PlyCount "72"]
[EventDate "2018.03.27"]
[EventType "swiss"]
[EventRounds "9"]
[EventCountry "ROU"]
[SourceTitle "CBM 183 Extra"]
[Source "ChessBase"]
[SourceDate "2018.04.19"]
[SourceVersion "1"]
[SourceVersionDate "2018.04.19"]
[SourceQuality "1"]

1. e4 e5 2. f4 exf4 3. Nf3 Be7 4. Bc4 Bh4+ 5. Kf1 d5 6. Bxd5 Bg4 7. h3 Bxf3 8. Qxf3 Bg3 9. d4 c6 10. Bc4 Qxd4 11. Bb3 Nd7 12. c3 Qb6 13. Bxf4 Qb5+ 14. Kg1 Bxf4 15. Qxf4 Ngf6 16. Kh2 0-0 17. Rf1 a5 18. Na3 Qb6 19. Rab1 Rae8 20. Rfe1 Re7 21. Nc4 Qa7 22. Nd6 a4 23. Bxf7+ Rfxf7 24. Nxf7 Kxf7 25. e5 Re8 26. exf6 Rxe1 27. Rxe1 Nxf6 28. Qc7+ Kg6 29. Qg3+ Kf7 30. Qg5 Qf2 31. Qe5 Qxb2 32. Qe7+ Kg6 33. Qe3 Kf7 34. Qe7+ Kg6 35. Qe3 Kf7 36. Qe7+ Kg6 1/2-1/2